00497nmm a22001817a 450000500170000000800410001704100080005808200100006610000430007624500740011926000090019365000220020265000290022465000260025365000140027994200070029399900150030020161103150121.0161103b xxu||||| |||| 00| 0 spa d aspa aTU 24 aHernández Sanabria, Elizabeth930212 aInforme Práctica Supervisada en la Agencia de Viajes Green Creation c2014 aCOSTA RICA930298 aAGENCIA DE VIAJES927480 aADMINISTRACIÓN9268 aFODA9954 cIP c8580d8580